=LDR 00000nam 2200000 4500 =001 INLIS000000000015011 =005 20130612110306 =008 ***********************************Ind** =035 ##$$0010-061300000015011 =041 ##$$a Ind =082 ##$$a 658.456 =090 ##$$a 658.456, Nuw d =100 ##$$a Nuwman, Panela J =245 ##$$a Dibalik Pintu Tertutup, Tuntutan Perencanaan dan Penyelengaraan rapat Yang, Panela J. Nuwman, Alfred F =260 ##$$a 1988 $b Semarang =300 ##$$a 148 Hlm, Ilus, 21 Cm =650 ##$$a Tuntutan Rapar Manjemen =700 ##$$a F. Alfred =850 ##$$a NBPNMAT